रवीन्द्रनाथ टैगोर की लोकप्रिय कहानियाँ/ (Record no. 215546)

MARC details
000 -LEADER
fixed length control field 00729nam a22001697a 4500
005 - DATE AND TIME OF LATEST TRANSACTION
control field 20260313164016.0
010 ## - LCCN (DPL NO)
LC control number BACHN26
020 ## - INTERNATIONAL STANDARD BOOK NUMBER
International Standard Book Number 9789380823362
Terms of availability 400.00
037 ## - SOURCE OF ACQUISITION
Source of stock number/acquisition प्रतिभा प्रतिष्ठान
082 ## - DEWEY DECIMAL CLASSIFICATION NUMBER
Edition number 1
Classification number
100 ## - MAIN ENTRY--PERSONAL NAME
Personal name टैगोर, रवीन्द्रनाथ
245 ## - TITLE STATEMENT
Title रवीन्द्रनाथ टैगोर की लोकप्रिय कहानियाँ/
Remainder of title रवीन्द्रनाथ टैगोर
250 ## - EDITION STATEMENT
Edition statement 1
260 ## - PUBLICATION, DISTRIBUTION, ETC. (IMPRINT)
Name of publisher, distributor, etc प्रतिभा प्रतिष्ठान
Date of publication, distribution, etc 2025
Place of publication, distribution, etc नई दिल्ली
300 ## - PHYSICAL DESCRIPTION
Extent 160पृ.
Dimensions 22सेमी(साजिल्द)
942 ## - ADDED ENTRY ELEMENTS (KOHA)
Source of classification or shelving scheme Dewey Decimal Classification
Item type Hindi Books
Call number suffix टैगोर
Classification part

No items available.


© Delhi Public Library
Hit Counter
free hit counter